ITIL foundation exam study guide

Bibliographic Details
Main Author: Morris, Helen.
Corporate Author: ProQuest (Firm)
Other Authors: Gallacher, Liz.
Format: Electronic eBook
Language:English
Published: Chichester, U.K. : Wiley, 2012.
Subjects:
Online Access:Click to View
LEADER 01489nam a2200385 a 4500
001 EBC999414
003 MiAaPQ
005 20200520144314.0
006 m o d |
007 cr cn|||||||||
008 120418s2012 enka s 001 0 eng d
010 |z  2012937947 
020 |z 9781119942757 (pbk alk. paper) 
020 |z 1119942756 (pbk alk. paper) 
020 |a 9781119943631 (electronic bk.) 
035 |a (MiAaPQ)EBC999414 
035 |a (Au-PeEL)EBL999414 
035 |a (CaPaEBR)ebr10593204 
035 |a (CaONFJC)MIL388381 
035 |a (OCoLC)809775183 
040 |a MiAaPQ  |c MiAaPQ  |d MiAaPQ 
050 4 |a HD30.2  |b .M67 2012 
100 1 |a Morris, Helen. 
245 1 0 |a ITIL foundation exam study guide  |h [electronic resource] /  |c Helen Morris, Liz Gallacher. 
260 |a Chichester, U.K. :  |b Wiley,  |c 2012. 
300 |a xxxvi, 371 p. :  |b ill. (some col.) 
500 |a Includes index. 
533 |a Electronic reproduction. Ann Arbor, MI : ProQuest, 2015. Available via World Wide Web. Access may be limited to ProQuest affiliated libraries. 
650 0 |a Information technology  |x Management  |x Examinations  |v Study guides. 
650 0 |a Information technology projects  |x Management  |x Examinations  |v Study guides. 
650 0 |a Electronic data processing personnel  |x Certification. 
655 4 |a Electronic books. 
700 1 |a Gallacher, Liz. 
710 2 |a ProQuest (Firm) 
856 4 0 |u https://ebookcentral.proquest.com/lib/matrademy/detail.action?docID=999414  |z Click to View